01274 2200205 4500001002100000005001500021035002000036008004100056245003300097100001800130250000600148260003800154300001200192084001400204082000800218650001000226520080800236990001201044990001201056INLIS00000000000096420240530104155 a0010-0524000199240530 1 ind 1 aRatuku Bawel /cAnnora Putri aPutri, Annora a1 aYogyakarta :bSheila/ Andi,c2013 a262 hlm a813 ANN r a813 4aFiksi aMenikahi Ratu yang cantik, cerdas, dan sang aktifis kampus adalah dambaan Handoko. Namun, setelah keinginannya terwujud, seiring berlalunya waktu, apa-apa yang semula begitu indah di matanya tentang Ratu berubah. Apalagi setelah satu per satu anak lahir. Baginya kini Ratu adalah istri yang sangat menyebalkan. Bawel. Istri yang sangat bawel, anak-anak yang terlalu aktif, kemacetan lalu lintas yang kian hari kian parah, pekerjaan yang selalu menumpuk dan menyita waktu, serta atasan yang menuntut selalu perfect, adalah siksaan buat Handoko. Hari-hari Handoko berubah lebih bergairah mana kala di kantornya kehadiran Silvana, seorang karyawati baru. Perempuan yang dari segi fisik memiliki nilai nyaris sempurna di mata para lelaki di kantornya. Ikuti kelanjutan ceritanya yang seru dalam novel ini! a0741682 a0741683